1498 1380 1661 1637 1906 1683 1405 1349 1022 1688 1179 1921 1906 1078 1037 1885 1971 1526 1142 1942 1797 1788 1121 1342 1754 1262 1405 1723 1275 1389 1600 1848 1539 1202 1537 1731 1767 1535 1656 1031 1906 1343 1476 1623 1866 1063 1287 1036 1286 1508 1382 1157 1757 1037 1569 1823 1362 1787 1231 1589 1422 1563 1564 1535 1839 1673 1282 1369 1522 1452 1475 1566 1441 1675 1762 1769 1915 1893 1932 1328 1472 1991 1831 1793 1768 1443 1520 1080 1361 1633 1017 1307 1735 1411 1628 1437 1741 1854 1789 BCNSPRNW ULIB Ver.6.0+V

เปลี่ยนเป็นภาษาไทย

Change to English
 แสดงรายละเอียดบรรณานุกรม
  กลับหน้าหลัก

Brief Record : Get Marc (ISO 2709) : E-mail record : QR code < ปิดหน้าต่าง
LEADER : 00000nam 2200000uu 4500
001    13399121350
003     ULIB
008    121115s2552||||th 000 0 tha d
020    ^a9786162000195
050  4 ^aT385^bว358ค
100 0  ^aวสันต์ พึ่งพูนผล
245 10 ^aคู่มือ Illustrator CS4 professional guide :^bฉบับสมบูรณ์ /^cวสันต์ พึ่งพูลผล ; [บรรณาธิการ, เกียรติพงษ์ บุญจิตร]
246 30 ^aIllustrator CS4 professional guide ฉบับสมบูรณ์
250    ^aพิมพ์ครั้งที่ 1
260    ^aนนทบุรี :^bไอดีซีอินโฟดิสทริบิวเตอร์เซนเตอร์,^c2552
300    ^aviii, 402 หน้า :^bภาพประกอบ ;^c23 ซม.
500    ^aชื่อเรื่องจากปกนอก
650  4 ^aคอมพิวเตอร์กราฟิก
650  4 ^aอโดบีอิลลัสเตรเตอร์
700 0  ^aเกียรติพงษ์ บุญจิตร,^eบรรณาธิการ
945    ^p279^l0^i16678
995    ^aวิภา
999 ^a ทศพร
รายการนี้ยังไม่มีแท็ก
คุณยังไม่ได้ล็อกอิน คุณสามารถมีกิจกรรมร่วมกับเว็บไซต์ได้ แต่ต้องล็อกอินก่อน ::
  ล็อกอิน

รายการสื่อสารสนเทศ

ลำดับที่ ประเภท เลขเรียก/บาร์โค้ด สถานที่ สถานะ
1. วิทยาศาสตร์การแพทย์ และสุขภาพ
วิทยาศาสตร์การแพทย์ และสุขภาพ
T385 ว358ค  
  Barcode: 16678
ห้องสมุดวิทยาเขตสวรรค์ประชารักษ์
►หนังสือทั่วไป
บนชั้น

รายการใกล้เคียง
    ผู้แต่ง [วสันต์ พึ่งพูนผล]

    หัวเรื่อง [คอมพิวเตอร์กราฟิก]
    หัวเรื่อง [อโดบีอิลลัสเตรเตอร์]

BibComment


ยังไม่เคยถูกคอมเมนท์

คอมเมนท์ทรัพยากรรายการนี้
  คอมเมนท์: คู่มือ Illustrat..


 Copyright 2026. Bcnsprnw @Library